<?xml version="1.0" encoding="UTF-8"?>
<marc:record xmlns:marc="http://www.loc.gov/MARC21/slim">
   <marc:leader>00000nam a2200000 a 4500</marc:leader>
   <marc:datafield ind1="1" ind2=" " tag="100">
      <marc:subfield code="a">Jablonski, Malte</marc:subfield>
      <marc:subfield code="4">aut</marc:subfield>
      <marc:subfield code="e">Verfasser/-in</marc:subfield>
   </marc:datafield>
   <marc:datafield ind1=" " ind2=" " tag="653">
      <marc:subfield code="a">Marketing</marc:subfield>
   </marc:datafield>
   <marc:datafield ind1=" " ind2=" " tag="653">
      <marc:subfield code="a">Werbebudget</marc:subfield>
   </marc:datafield>
   <marc:datafield ind1=" " ind2=" " tag="653">
      <marc:subfield code="a">Kostenminimum</marc:subfield>
   </marc:datafield>
   <marc:datafield ind1=" " ind2=" " tag="653">
      <marc:subfield code="a">Kostenplanung</marc:subfield>
   </marc:datafield>
   <marc:datafield ind1=" " ind2=" " tag="653">
      <marc:subfield code="a">Softcover</marc:subfield>
   </marc:datafield>
   <marc:datafield ind1=" " ind2=" " tag="653">
      <marc:subfield code="a">Karte</marc:subfield>
   </marc:datafield>
   <marc:datafield ind1=" " ind2=" " tag="653">
      <marc:subfield code="a">Marketingstrategie</marc:subfield>
   </marc:datafield>
   <marc:datafield ind1=" " ind2=" " tag="653">
      <marc:subfield code="a">Low-Budget-Marketing</marc:subfield>
   </marc:datafield>
   <marc:datafield ind1=" " ind2=" " tag="653">
      <marc:subfield code="a">Kommunikationslösun­gen</marc:subfield>
   </marc:datafield>
   <marc:datafield ind1="0" ind2="0" tag="245">
      <marc:subfield code="a">Handbuch Low-Budget-Marketing</marc:subfield>
   </marc:datafield>
   <marc:datafield ind1="0" ind2="0" tag="245">
      <marc:subfield code="b">Strategien und Kampagnen für Verein und Mittelstand</marc:subfield>
   </marc:datafield>
   <marc:datafield ind1="0" ind2="0" tag="245">
      <marc:subfield code="c">Malte Jablonski</marc:subfield>
   </marc:datafield>
   <marc:datafield ind1=" " ind2="1" tag="264">
      <marc:subfield code="a">Saarbrücken</marc:subfield>
      <marc:subfield code="b">VDM, Müller</marc:subfield>
      <marc:subfield code="c">2005</marc:subfield>
   </marc:datafield>
   <marc:datafield ind1="1" ind2=" " tag="520">
      <marc:subfield code="a">Angaben aus der Verlagsmeldung

Handbuch Low Budget Marketing : Strategien und Kampagnen für Verein und Mittelstand / von Malte Jablonski

Low-Budget-Marketing ist ein auf Unternehmen und Vereine mit einem Marketingetat von 500 bis 5.000.000 Euro zugeschnittenes Werkzeug, um individuelle, zielgruppengenaue Marketing- und Werbekampagnen zu realisieren und Schritt für Schritt entscheidende Wettbewerbsvorteile herauszuarbeiten.Strukturiert und praxisnah stellt Malte Jablonski im Handbuch Low-Budget-Marketing Marktstrategien und Marketingmaßnahmen für mittelständische Unternehmen, Vereine und Verbände vor. Der Autor verbindet grundlegendes Marketingwissen mit anwendbaren Kommunikationslösungen und zeigt Marketingnischen, -trends und -ideen auf. Verständlich und in kompakter Form wird vermittelt, wie vorhandene Ressourcen optimal genutzt und effizient eingesetzt werden können: Von der Organisationsanalyse über die Entwicklung der Marketingstrategie und Positionierung bis zur Planung und Umsetzung einer Low-Budget-Kampagne.Das Handbuch ist ein mit Praxisbeispielen, Checklisten, Adressverzeichnis sowie Kostenübersichten konsequent auf die Praxis ausgerichtetes Grundlagenwerk des Low-Budget-Marketing.
</marc:subfield>
   </marc:datafield>
   <marc:datafield ind1=" " ind2=" " tag="020">
      <marc:subfield code="a">9783865501127</marc:subfield>
      <marc:subfield code="9">9783865501127</marc:subfield>
   </marc:datafield>
   <marc:datafield ind1=" " ind2=" " tag="020">
      <marc:subfield code="a">3865501125</marc:subfield>
      <marc:subfield code="9">3865501125</marc:subfield>
   </marc:datafield>
   <marc:datafield ind1=" " ind2=" " tag="041">
      <marc:subfield code="a">ger</marc:subfield>
   </marc:datafield>
   <marc:datafield ind1=" " ind2=" " tag="300">
      <marc:subfield code="a">180 S.</marc:subfield>
   </marc:datafield>
</marc:record>
